000 00293nam a22001337a 4500
008 171221b xxu||||| |||| 00| 0 eng d
020 _a9781556423819
041 _aeng
080 _a617
100 _a8
101 _aOFT
245 _aCLEAR CORNEAL LENS SURGERY
_cFINE,I,H
942 _2udc
_cBK
999 _c39277
_d39277